Responses for Show #2897 - Tuesday, March 18, 1997

Contestants

[<< previous game]

Sandy Lowe, an attorney from Austin, Texas

Steve Douches, a high school math teacher from Fairfax, Virginia

Liz Klausky, a registered nurse from Port Orange, Florida (whose 2-day cash winnings total $11,100)

[next game >>]

Jeopardy! Round responses

LANGUAGE OF FLOWERS
EXPLORERS
1980s ROCK MUSIC
JAPAN
HODGEPODGE
ANIMAL PHRASES
    $100 16
Violet

Sandy
    $100 11
Vasco de Balboa

Steve
    $100 1
John Lennon

Liz
    $100 17
Television

Steve
    $100 6
Kisses

Liz
    $100 22
Birds of a feather

Liz
    $200 27
Rose

Steve
    $200 12
Neil Armstrong

Steve
    $200 2
Whitney Houston

Steve
    $200 18
-san

Steve
    $200 7
Fasten your seat belt

Sandy
    $200 23
Sleeping dogs

Liz
    $300 28
Beware

Sandy
    $300 13
Sir Walter Raleigh

Liz
    $300 3
The Beaters

Steve
    $300 19
Tea ceremony

Liz
    $300 8
S-P-A-T-U-L-A

Liz
    $300 24
(we have less than a minute to go...)

Wolf

Sandy
    $400 30
Daisies

Liz
    $400 14
Sir Edmund Hillary

Steve
    $500 4
Hall & Oates

Steve
    $400 20
(Steve: What is Osaka?)

Yokohama

LizSteve
    $400 9
Hodgepodge

Triple Stumper
    $400 25
"Looking like the cat who ate the canary"

Liz
    $500 29
Narcissus

Liz
    $500 15
Samuel de Champlain

Liz
    $500 5
Kim Carnes, Sheena Easton or Dolly Parton

Liz
    $500 21
Tatami mats

Triple Stumper
    $500 10
Prime numbers

Steve
    $500 26
Legal eagle

Triple Stumper

Scores at the first commercial break (after clue 13):

Liz Steve Sandy
$1,300 $1,800 $200

Scores at the end of the Jeopardy! Round:

Liz Steve Sandy
$4,100 $2,300 $900

Double Jeopardy! Round responses

LITERATURE
THE 1950s
AMERICANA
ADVERTISING
EARTH SCIENCE
MOVIES ABOUT THE MOVIES
    $200 16
A Christmas Carol

Steve
    $200 12
Smokey the Bear

Steve
    $200 2
Nebraska

Liz
    $200 24
(we have a minute left...)

Sponsor

Steve
    $200 27
Core

Sandy
    $200 7
Alan Alda

Steve
    $400 18
33

Sandy
    $400 13
Pogo

Steve
    $400 3
Oklahoma

Sandy
    $400 25
Cigarettes

Sandy
    $400 20
Earthquake

Steve
    $400 8
Postcards from the Edge

Steve
    $600 19
Brom Bones

Triple Stumper
    $600 14
Checkers the dog

Steve
    $600 4
Charlottesville

Steve
    $600 1
(Sandy: What is lignite?)

Bituminous

LizSandy
    $600 9
The Player

Steve
    $800 21
Lust For Life

Liz
    $800 15
Edsel

Liz
    $900 5
(Steve: What is Washington?)

Alaska

Steve
    $800 29
(Liz: What is an adwriter?)
[The end-of-round signal sounds.]

copywriter

Liz
Triple Stumper
    $800 23
Lake Baikal

Triple Stumper
    $800 10
The Killing Fields

Steve
    $1000 22
George Babbitt

Steve
    $1000 17
Brinks Robbery

Liz
    $1000 6
(L: What is Maui?)

Lanai

Liz
Triple Stumper
    $1000 28
Subliminal advertising

Sandy
    $1,400 26
Caldera

Sandy
    $1000 11
(L: Who is Vadim?)

Francois Truffaut

Liz
Triple Stumper

Scores at the end of the Double Jeopardy! Round:

Liz Steve Sandy
$4,700 $7,000 $4,100

[wagering suggestions for these scores]

Final Jeopardy! Round responses

WORLD CAPITALS
(Alex: Zurich is not the capital of Switzerland.)
SandyWhat is Warsaw
$4,099
LizWhat is Zurich, Switzerland?
$500
SteveWhat is Zurich
$2,401
Zagreb, Croatia

Final scores:

Liz Steve Sandy
$4,200 $4,599 $1
2nd place: Trip to Hotel Melia Don Pepe, Costa Del Sol, Spain New champion: $4,599 3rd place: Franchi Menotti Sports Watch

Game dynamics:

Coryat scores:

Liz Steve Sandy
$4,700 $7,800 $3,700
18 R,
3 W
22 R
(including 1 DD),
2 W
(including 1 DD)
10 R
(including 1 DD),
1 W

Combined Coryat: $16,200

[game clues] [game scores] [suggest correction]

Game tape date: 1996-12-04
The J! Archive is created by fans, for fans. Scraping, republication, monetization, and malicious use prohibited; this site may use cookies and collect identifying information. See terms. The Jeopardy! game show and all elements thereof, including but not limited to copyright and trademark thereto, are the property of Jeopardy Productions, Inc. and are protected under law. This website is not affiliated with, sponsored by, or operated by Jeopardy Productions, Inc. Join the discussion at JBoard.tv.